[Event "FRA-FRG"]
[Site "Uzes"]
[Date "1990.??.??"]
[Round "1"]
[White "Hertneck, Gerald"]
[Black "Chabanon, Jean Luc"]
[Result "0-1"]
[WhiteElo "2520"]
[BlackElo "2445"]

1.c4 c6 2.d4 d5 3.Nf3 Nf6 4.Nc3 dxc4 5.a4 Bg4 6.Ne5 Bh5 7.h3 Na6 8.g4 Bg6
9.Bg2 Nb4 10.O-O Bc2 11.Qd2 Bb3 12.a5 a6 13.Na4 Nc2 14.Nc5 Qxd4 15.Nxb7 Nd5
16.Qg5 f6 17.Nxc6 fxg5 18.Nxd4 Nxd4 19.Bxd5 Rc8 20.Bxg5 e6 21.Be4 Be7 22.Bd2 O-O
23.Rae1 Nb5 24.Bc3 Nxc3 25.bxc3 Rc7 26.f4 Rb8 27.f5 Rcxb7 28.Bxb7 Rxb7 29.fxe6 Bf6
30.Rf3 Re7 31.Re3 Bg5 32.Re5 Bf4 33.Rd5 h6 34.Rd8+ Kh7 35.Rf1 Be3+ 36.Kg2 Rxe6
37.h4 Bc5 38.h5 Rxe2+ 39.Kg3 Be7 40.Rd7 Ba4 41.Rc7 Bd6+ 42.Kf3 Re6 43.Rf7 Bc6+
44.Kf2 Bc5+ 45.Kg3 Re3+ 46.Kf4 Rxc3 47.g5 Be3+ 48.Kg4 Bxg5 49.Rc7 Bg2  0-1

[Event "Val Maubuee op"]
[Site "Val Maubuee"]
[Date "1990.??.??"]
[Round "?"]
[White "Plachetka, Jan"]
[Black "Hector, Jonny"]
[Result "0-1"]
[WhiteElo "2425"]
[BlackElo "2465"]

1.c4 c6 2.d4 d5 3.Nf3 Nf6 4.e3 Bf5 5.Qb3 Qc7 6.Nc3 e6 7.Bd2 Nbd7 8.Rc1 Qb6
9.Nh4 Be4 10.f3 Bg6 11.Be2 Bd6 12.Qxb6 axb6 13.Kf2 O-O 14.g4 dxc4 15.Bxc4 b5
16.Nxg6 hxg6 17.Bb3 e5 18.h4 b4 19.Ne2 c5 20.h5 g5 21.Ng3 Rfc8 22.Nf5 Bf8
23.Kg2 b5 24.dxc5 Nxc5 25.e4 Ne6 26.Rxc8 Rxc8 27.Rc1 Rd8 28.Be3 Nd7 29.Rd1 Ndc5
30.Rxd8 Nxd8 31.Bxg5 Nxb3 32.Bxd8 Nc1 33.Kf1 Nxa2 34.Ne7+ Kh7 35.Nc6 f6 36.Ke2 b3
37.Kd2 Bc5 38.Ba5 Kg8 39.Kd1 Kf7 40.Bd2 Ke6 41.Na5 Bd4 42.Nxb3 Bxb2 43.Kc2 Ba3
44.f4 exf4 45.Nd4+ Ke5 46.Kd3 Nc1+ 47.Bxc1 Bxc1 48.Nf3+ Kd6 49.Nd4 b4 50.Nf5+ Ke5
51.Nxg7 f3 52.Nf5 f2 53.Ke2 b3  0-1

[Event "Vienna op"]
[Site "Vienna"]
[Date "1990.??.??"]
[Round "5"]
[White "Petursson, Margeir"]
[Black "Engqvist, Thomas"]
[Result "1-0"]
[WhiteElo "2550"]
[BlackElo "2365"]

1.c4 c6 2.Nf3 d5 3.e3 Nf6 4.Nc3 g6 5.d4 Bg7 6.Be2 O-O 7.O-O Nbd7 8.cxd5 cxd5
9.Bd2 Nb6 10.Qb3 Bg4 11.Rfc1 Ne4 12.Be1 Nxc3 13.Bxc3 Bxf3 14.Bxf3 Qd7 15.Be2 Rfc8
16.Bb5 Qd8 17.a4 e6 18.a5 Nd7 19.a6 b6 20.Qa4 Rc7 21.Bc6 Rac8 22.Bb7 Rc4
23.Qd1 Rb8 24.b3 Rc7 25.Bb4 Nf6 26.Rxc7 Qxc7 27.Rc1 Qd8 28.Qf3 Ne8 29.Qf4 Bf8
30.Bxf8 Kxf8 31.Rc6 Ke7 32.h3 h5 33.Qe5 Nd6 34.e4 dxe4 35.d5 Qd7 36.Qc3 Nxb7
37.Rc7 Nc5 38.Rxd7+ Kxd7 39.b4 Nxa6 40.Qc6+ Ke7 41.dxe6 fxe6 42.Qxe4 Kd6  1-0

[Event "Vrnjacka Banja"]
[Site "Vrnjacka Banja"]
[Date "1990.??.??"]
[Round "4"]
[White "Pavlovic, Milos"]
[Black "Matulovic, Milan"]
[Result "1/2-1/2"]
[WhiteElo "2420"]
[BlackElo "2435"]

1.c4 c6 2.Nf3 Nf6 3.g3 d5 4.b3 Bf5 5.Bb2 e6 6.Bg2 Nbd7 7.O-O h6 8.d3 Be7
9.a3 a5 10.Nc3 O-O  1/2-1/2

[Event "Vrnjacka Banja"]
[Site "Vrnjacka Banja"]
[Date "1990.??.??"]
[Round "6"]
[White "Cvetkovic, Srdjan"]
[Black "Matulovic, Milan"]
[Result "1/2-1/2"]
[WhiteElo "2435"]
[BlackElo "2435"]

1.c4 c6 2.Nf3 Nf6 3.d4 d5 4.Nc3 dxc4 5.a4 Bf5 6.Ne5 e6 7.f3 Bb4 8.Nxc4 O-O
9.Bg5 h6 10.Bh4 c5 11.dxc5 Qxd1+ 12.Rxd1 Bc2  1/2-1/2

[Event "Warsaw Legion op"]
[Site "Warsaw"]
[Date "1990.??.??"]
[Round "?"]
[White "Sek, Zbigniew"]
[Black "Nisman, Boris I"]
[Result "1-0"]
[WhiteElo "2290"]
[BlackElo "2365"]

1.c4 c6 2.d4 d5 3.Nc3 Nf6 4.e3 g6 5.Bd3 Bg7 6.f4 Bf5 7.Bxf5 gxf5 8.Qb3 Qd7
9.Nf3 dxc4 10.Qxc4 Nd5 11.O-O e6 12.Bd2 Na6 13.Nxd5 cxd5 14.Qb3 Rc8 15.Ne5 Bxe5
16.fxe5 h5 17.Rac1 Rxc1 18.Rxc1 Nb8 19.Bb4 Nc6 20.Bd6 Rh6 21.Qc3 f6 22.b4 a6
23.a4 fxe5 24.dxe5 Rh7 25.b5 axb5 26.axb5 Nd8 27.Qb4 Qg7 28.Qh4 Qg4 29.Qf6 Qg7
30.Rc8 Qxf6 31.exf6 Rf7 32.Be7 Rxe7 33.fxe7 Kxe7 34.Rc7+ Kd6 35.Rh7 b6 36.Kf2 h4
37.Ke2 e5 38.Rxh4 Ne6 39.Rh6 e4 40.g3 Ke7 41.Kd2 Ng5 42.Rxb6 Nf3+ 43.Ke2 Nxh2
44.Rc6 Nf3 45.b6 Ne5 46.Rc8  1-0

[Event "Washington op"]
[Site "Washington"]
[Date "1990.??.??"]
[Round "?"]
[White "Delaune, Richard K"]
[Black "Shibut, Macon"]
[Result "1/2-1/2"]
[WhiteElo "2360"]
[BlackElo "2260"]

1.c4 c6 2.d4 d5 3.Nf3 Nf6 4.Nc3 dxc4 5.a4 Na6 6.e3 Bg4 7.Bxc4 e6 8.h3 Bh5
9.O-O Nb4 10.Bd2 Be7 11.Rc1 O-O 12.g4 Bg6 13.Ne5 c5 14.Nxg6 hxg6 15.dxc5 Bxc5
16.Qe2 Qe7 17.Rfd1 Rfd8 18.Be1 a6 19.Qf3 Rac8 20.Bf1 Ba7 21.Ne4 Nfd5 22.g5 Nc6
23.Kh1 Bb8 24.Qg2 Be5 25.b3 Bb2 26.Rc2 Ba3 27.Qg3 Bb4 28.Rc4 Bxe1 29.Rxe1 Na5
30.Rxc8 Rxc8 31.Rb1 Qb4 32.Qg4 Nc6 33.Bg2 Ne5 34.Qd1 Kf8  1/2-1/2

[Event "Werfen op"]
[Site "Werfen"]
[Date "1990.??.??"]
[Round "9"]
[White "Stohl, Igor"]
[Black "Shabalov, Alexander"]
[Result "1/2-1/2"]
[WhiteElo "2530"]
[BlackElo "2465"]

1.c4 c6 2.e4 e6 3.d4 d5 4.e5 dxc4 5.Bxc4 c5 6.d5 a6 7.Nc3 Ne7 8.d6 Ng6 9.f4 Nxe5
10.Bxe6 Bxe6 11.fxe5 Qh4+ 12.g3  1/2-1/2

[Event "Hoogovens"]
[Site "Wijk aan Zee"]
[Date "1990.??.??"]
[Round "8"]
[White "Dokhoian, Yury"]
[Black "Kuijf, Marinus"]
[Result "0-1"]
[WhiteElo "2540"]
[BlackElo "2490"]

1.c4 c6 2.b3 d5 3.Bb2 Bg4 4.d4 e6 5.Nd2 Nf6 6.h3 Bh5 7.g4 Bg6 8.Ngf3 Nbd7
9.e3 Ne4 10.a3 h5 11.Rg1 hxg4 12.hxg4 Bd6 13.Nxe4 Bxe4 14.Bd3 Nf6 15.c5 Bc7
16.Ke2 Qe7 17.g5 Nh7 18.Ke1 O-O-O 19.Qe2 Bxf3 20.Qxf3 Nxg5 21.Qg4 f6 22.Ke2 Kb8
23.f4 Rh2+ 24.Rg2 Rdh8 25.Kd1 Ne4 26.Bxe4 dxe4 27.Bc3 g5 28.Rxh2 Rxh2 29.fxg5 f5
30.Qg1 Qh7 31.Be1 Qh5+ 32.Kc1 Qe2  0-1

[Event "Aarhus op"]
[Site "Aarhus"]
[Date "1991.??.??"]
[Round "5"]
[White "Hansen, Lars Bo"]
[Black "Rasmussen, Lars Bo"]
[Result "1-0"]
[WhiteElo "2525"]
[BlackElo "2240"]

1.c4 c6 2.d4 d5 3.Nf3 Nf6 4.Nc3 e6 5.cxd5 exd5 6.Bg5 Be7 7.Qc2 O-O 8.e3 Nbd7
9.Bd3 h6 10.Bh4 c5 11.O-O c4 12.Bf5 Nb6 13.Ne5 Nfd7 14.Bg3 Nxe5 15.dxe5 a6
16.Rad1 Be6 17.Ne2 Qd7 18.e4 Bxf5 19.exf5 f6 20.Nd4 fxe5 21.Bxe5 Bf6 22.f4 Qe7
23.Rfe1 Qc5 24.Kh1 Qa5 25.g4 Nd7 26.Qg2 Rf7 27.Bxf6 Nxf6 28.g5 hxg5 29.fxg5 Ne4
30.Re2 Qc7 31.g6 Rf6 32.Rxe4 dxe4 33.Qh3 Kf8 34.Qh8+ Ke7 35.Qxg7+  1-0

[Event "Acasusso op"]
[Site "Acasusso"]
[Date "1991.??.??"]
[Round "7"]
[White "Lida Garcia, Fernando"]
[Black "Bulcourf, Carlos"]
[Result "1-0"]
[WhiteElo "2280"]
[BlackElo "2205"]

1.c4 c6 2.e4 e5 3.Nf3 Nf6 4.Nxe5 d6 5.Nf3 Nxe4 6.Nc3 Nxc3 7.bxc3 Be7 8.d4 Bf5
9.Bd3 Qa5 10.O-O O-O 11.Re1 Bf6 12.Bf4 Bxd3 13.Qxd3 d5 14.Bd6 Rd8 15.Be7 Bxe7
16.Rxe7 dxc4 17.Rae1 Nd7 18.Qxc4 Qf5 19.Ne5 Nxe5 20.R1xe5 Qb1+ 21.Re1 Qg6
22.Rxb7 Re8 23.Re2 h6 24.g3 a5 25.Ree7 Rxe7 26.Rxe7 Rb8 27.Qe2 a4 28.Ra7 Qf5
29.Rxa4 Rb1+ 30.Kg2 Qd5+ 31.f3 Rb8 32.Rb4 Ra8 33.Rb2 g6 34.Rd2 Kh7 35.c4 Qd7
36.d5 c5 37.Qe5 Re8 38.Qb2 Qd6 39.f4 Rb8 40.Qe5 Qd8 41.f5 g5 42.d6 Qa5 43.Qd5 Kg7
44.d7 Rd8 45.Re2 Qa6 46.a4 Qxa4 47.f6+ Kg6 48.Qe4+ Kh5 49.Kh3 Qb3 50.Re3 Qxe3
51.Qxe3 g4+ 52.Kg2 Rxd7 53.Qf4  1-0

[Event "JUG-Cup qual"]
[Site "Arandjelovac"]
[Date "1991.??.??"]
[Round "3"]
[White "Tosic, Miroslav"]
[Black "Raicevic, Momcilo"]
[Result "1-0"]
[WhiteElo "2455"]
[BlackElo "2375"]

1.c4 c6 2.Nf3 d5 3.e3 Nf6 4.Nc3 e6 5.b3 Be7 6.Bb2 O-O 7.g3 a5 8.Bg2 Nbd7
9.O-O Nc5 10.d4 Nce4 11.Nd2 Nxc3 12.Bxc3 b5 13.Qc2 Ba6 14.Rfe1 bxc4 15.bxc4 dxc4
16.e4 Bb4 17.Nxc4 Bxc4 18.Bxb4 axb4 19.Qxc4 Qb6 20.Rab1 Ra4 21.Rec1 g6 22.Qxc6 Qxc6
23.Rxc6 Rxa2 24.d5 Rb8 25.dxe6 b3 26.e5 b2 27.exf6 Ra1 28.Be4 fxe6 29.Rc7 Rd8
30.Kg2 Rxb1 31.Bxb1  1-0

[Event "Athens"]
[Site "Athens"]
[Date "1991.??.??"]
[Round "8"]
[White "Simic, Radoslav"]
[Black "Skembris, Spyridon"]
[Result "1/2-1/2"]
[WhiteElo "2485"]
[BlackElo "2455"]

1.c4 c6 2.Nf3 Nf6 3.g3 e6 4.Bg2 d5 5.O-O Be7 6.d4 O-O 7.Qc2 Ne4 8.b3 b6 9.Ne5 f5
10.Ba3 Bxa3 11.Nxa3 Qd6 12.Qb2 Nd7 13.Rac1 Bb7 14.Nc2 a5 15.Nxd7 Qxd7 16.Ne1 Rad8
17.f3 Nf6 18.c5 b5 19.Nd3 Qc7 20.Qd2 Bc8 21.a3 Bd7 22.b4 Ra8 23.Rc2 h6 24.Ra2 a4
25.Ne5 Be8 26.e4 Nd7 27.exd5 Nxe5 28.d6 Nc4 29.dxc7 Nxd2 30.Rxd2 Rc8 31.Re1 Bd7  1/2-1/2

[Event "URS-chT"]
[Site "Azov"]
[Date "1991.??.??"]
[Round "?"]
[White "Zilberman, Nathan R"]
[Black "Guliev, Sarhan"]
[Result "1/2-1/2"]
[WhiteElo "2400"]
[BlackElo "2375"]

1.c4 c6 2.Nf3 d5 3.g3 Nf6 4.Bg2 Bf5 5.O-O e6 6.d3 Be7 7.Nc3 h6 8.Nd4 Bg4
9.h3 Bh5 10.cxd5 Nxd5 11.Nxd5 exd5 12.Qb3 Qb6 13.Nf5 Qxb3 14.axb3 Bg6 15.Nxe7 Kxe7
16.e4 dxe4 17.dxe4 Nd7 18.Be3 a6 19.Rfd1 f6 20.f4 Rhd8 21.b4 Nf8 22.g4 Bf7
23.Bb6 Rxd1+ 24.Rxd1 Nd7 25.Bc7 Rc8 26.Bd6+ Ke8 27.Kf2 Nb6 28.e5 fxe5 29.Bxe5 Kf8
30.Rd6 Nc4 31.Rd7 Nxe5 32.fxe5 Bd5 33.Rxb7 Bxg2 34.Kxg2 Re8 35.Kf3 Rxe5 36.Rb6 Rd5
37.Ke3 a5 38.Rxc6 axb4 39.h4 Rd1 40.h5 Rg1 41.Rc4 Rg3+ 42.Kf4 Rb3 43.Kf5 Rxb2
44.Kg6 Re2 45.Rxb4 Re6+ 46.Kh7 Re7 47.Ra4 Rb7 48.Ra6 Kf7 49.Rg6 Kf8 50.Kh8 Rd7
51.Kh7 Rc7 52.Ra6 Kf7  1/2-1/2

[Event "URS Spartakiada (Women)"]
[Site "Azov"]
[Date "1991.??.??"]
[Round "3"]
[White "Chelushkina, Irina"]
[Black "Shumiakina, Tatiana"]
[Result "1-0"]
[WhiteElo "2305"]
[BlackElo "2290"]

1.c4 c6 2.e4 d5 3.exd5 cxd5 4.cxd5 Qxd5 5.Nc3 Qd8 6.Nf3 Nf6 7.Bc4 e6 8.O-O Be7
9.d4 O-O 10.Bf4 Nc6 11.Rc1 a6 12.a3 Nd5 13.Bxd5 exd5 14.Qb3 Be6 15.Qxb7 Na5
16.Qc7 Qxc7 17.Bxc7 Nc4 18.Na4 Ra7 19.Bg3 Rb7 20.Ne5 Nxb2 21.Rb1 Bxa3 22.Nd3 Bf5
23.Rxb2 Bxb2 24.Ndxb2 Re8 25.f3 Rb4 26.Be1 Rb3 27.Bc3 Re2 28.Re1 Rxe1+ 29.Bxe1 Bc2
30.Kf2 f5 31.Bd2 Kf7 32.Ke2 Kf6 33.Bc1 Rb4 34.Nc3 Bb3 35.Kd3 a5 36.Bd2 Rb8
37.h4 h6 38.h5 g5 39.hxg6 Kxg6 40.Nca4 Kf7 41.Bxh6 Rg8 42.Nc5 Ba2 43.Kc3 Rxg2
44.Nbd3 Kf6 45.Bf4 Bc4 46.Ne5 Bb5 47.Kb3 Rg1 48.Bd2 a4+ 49.Nxa4 Bxa4+ 50.Kxa4 Rd1
51.Bc3 Ke6 52.Kb3 Rb1+ 53.Kc2 Rb7 54.Nd3 Rb8 55.Bb4 Kd7 56.Bc5 Rh8 57.Kd2 Re8
58.Nb4 Ke6 59.Ke3 Rh8 60.Nd3 Kd7 61.Ne5+ Ke6 62.Ng6 Rd8 63.Kf4 Rg8 64.Nf8+ Kf6
65.Bd6 Rg1 66.Be5+ Kf7 67.Nd7 Rf1 68.Nf6 Ke6 69.Nh5 Kf7 70.Ng3 Rf2 71.Nxf5 Ke6
72.Ng3 Kf7 73.Kg4 Ke6 74.Nh5 Rg2+ 75.Kh3 Rg1 76.Nf4+ Kf5 77.Nxd5 Ke6 78.Ne3 Re1
79.Ng4 Kf5 80.Kg3 Re2 81.Bf4 Ra2 82.Ne3+ Kf6 83.Be5+ Ke6 84.f4  1-0

[Event "Bacolod"]
[Site "Bacolod"]
[Date "1991.??.??"]
[Round "9"]
[White "Rodriguez, Ruben"]
[Black "Ye Rongguang"]
[Result "0-1"]
[WhiteElo "2420"]
[BlackElo "2545"]

1.c4 c6 2.d4 d5 3.Nf3 Nf6 4.Nc3 e6 5.Bg5 h6 6.Bxf6 Qxf6 7.Qb3 a5 8.e4 dxe4
9.Nxe4 Bb4+ 10.Kd1 Qf4 11.Bd3 f5 12.Ng3 c5 13.a3 a4 14.Qc2 Ba5 15.Qxa4+ Bd7
16.Qc2 cxd4 17.Ne2 Qg4 18.Nexd4 Nc6 19.Nxc6 Bxc6 20.Be2 Qxg2 21.Rg1 O-O-O+
22.Kc1 Qxf2  0-1

[Event "GER-ch"]
[Site "Bad Neuenahr"]
[Date "1991.??.??"]
[Round "6"]
[White "Uhlmann, Wolfgang"]
[Black "Serrer, Christoph"]
[Result "1-0"]
[WhiteElo "2510"]
[BlackElo "2305"]

1.c4 c6 2.d4 d5 3.Nc3 e6 4.Nf3 dxc4 5.a4 Bb4 6.e3 b5 7.Bd2 a5 8.Qb1 Bd7 9.Be2 Ra6
10.O-O Nf6 11.e4 Be7 12.Rd1 Qc8 13.Bg5 h6 14.Bh4 Bb4 15.d5 Bxc3 16.bxc3 Rb6
17.Bxf6 gxf6 18.Bxc4 cxd5 19.Bxb5 Bxb5 20.axb5 dxe4 21.Qxe4 Rxb5 22.Qa4  1-0

[Event "BUL-chT"]
[Site "Bankia"]
[Date "1991.??.??"]
[Round "6"]
[White "Delchev, Aleksander"]
[Black "Inkiov, Ventzislav"]
[Result "1/2-1/2"]
[WhiteElo "2360"]
[BlackElo "2475"]

1.c4 c6 2.d4 d5 3.cxd5 cxd5 4.Nc3 Nf6 5.Bf4 Nc6 6.e3 Bf5 7.Bd3 Bxd3 8.Qxd3 e6
9.Nf3 Bd6 10.O-O O-O 11.Rac1  1/2-1/2

[Event "Barcelona Vulca"]
[Site "Barcelona"]
[Date "1991.??.??"]
[Round "4"]
[White "Bellon Lopez, Juan Manuel"]
[Black "Cramling, Pia"]
[Result "1/2-1/2"]
[WhiteElo "2495"]
[BlackElo "2470"]

1.c4 c6 2.Nc3 d5 3.d4 Nf6 4.cxd5 cxd5 5.Nf3 Nc6 6.Bf4 Bf5 7.e3 e6 8.Bd3 Bxd3
9.Qxd3 Bd6 10.Bxd6 Qxd6 11.O-O O-O 12.Rfc1 Rac8 13.h3 Rfd8  1/2-1/2

[Event "Bayern-ch"]
[Site "Bayern"]
[Date "1991.??.??"]
[Round "6"]
[White "Mandl, Robert"]
[Black "Roeder, Frank"]
[Result "1-0"]
[WhiteElo "2395"]
[BlackElo "2290"]

1.c4 c6 2.Nf3 d5 3.d4 Nf6 4.Nc3 Bf5 5.Qb3 Qb6 6.c5 Qc7 7.Bf4 Qc8 8.h3 e6
9.e3 Nbd7 10.Be2 Be7 11.O-O O-O 12.Rfc1 Ne4 13.Qd1 f6 14.b4 e5 15.Bh2 Bd8
16.Nxe4 Bxe4 17.b5 Bc7 18.Qa4 Bxf3 19.Bxf3 e4 20.Be2 Bxh2+ 21.Kxh2 f5 22.Rc3 f4
23.exf4 Rxf4 24.Kg1 Qc7 25.Rf1 Rff8 26.Rb3 h6 27.Qb4 Rab8 28.a4 Qf4 29.Qc3 Rf7
30.Qe3 Qc7 31.Qd2 Rbf8 32.a5 cxb5 33.Bxb5 Nb8 34.Ba4 Nc6 35.Bxc6 bxc6 36.a6 Qc8
37.Qe2 Kh7 38.Qa2 Rf4 39.Rb7 e3 40.Qb1+ Qf5 41.f3 Qxb1 42.Rfxb1 Rxd4 43.Rxa7 Rd2
44.Re7 d4 45.Rbb7 Rg8 46.a7 Ra2 47.Rbd7 Ra4 48.Kf1 Ra1+ 49.Ke2 Ra2+ 50.Kd3 Rd2+
51.Kc4 Rxg2 52.Kxd4 e2 53.Kd3 Rf8 54.Kd2 Rxf3 55.a8=Q e1=Q+ 56.Kxe1 Rxh3
57.Rxg7+ Rxg7 58.Rxg7+ Kxg7 59.Qb7+ Kf6 60.Qxc6+ Kg5  1-0

[Event "Belgrade op"]
[Site "Belgrade"]
[Date "1991.??.??"]
[Round "?"]
[White "Pantaleev, Dimitar"]
[Black "Bajovic, Milan"]
[Result "1-0"]
[WhiteElo "2285"]
[BlackElo "2345"]

1.c4 c6 2.d4 d5 3.e3 Nf6 4.Nc3 e6 5.Qc2 Be7 6.Nf3 O-O 7.Bd2 Nbd7 8.O-O-O a5
9.e4 dxe4 10.Nxe4 c5 11.Nxc5 Nxc5 12.dxc5 Qc7 13.Bc3 Qxc5 14.Bd3 h6 15.Rhe1 b6
16.Ne5 Bb7 17.f4 Qc7 18.g4 Bb4 19.g5 hxg5 20.fxg5 Bxc3 21.Qxc3 Nh5 22.Bc2 Rad8
23.Rxd8 Rxd8 24.Qe3 Bc8 25.Bd1 g6 26.Bxh5 gxh5 27.Rg1 Kg7 28.Qf4 Qe7 29.h4 Rh8
30.Rf1 Rf8 31.Qg3 Bb7 32.Qc3 Qb4 33.Qd4 Qc5 34.Qf4 Qe7 35.Qf6+ Qxf6 36.gxf6+  1-0

[Event "Belgrade-C"]
[Site "Belgrade"]
[Date "1991.??.??"]
[Round "11"]
[White "Raicevic, Momcilo"]
[Black "Cabrilo, Goran"]
[Result "1/2-1/2"]
[WhiteElo "2375"]
[BlackElo "2490"]

1.c4 c6 2.g3 d5 3.Nf3 Bg4 4.Bg2 Nd7 5.cxd5 cxd5 6.Qb3 Nc5 7.Qb4 Bxf3 8.Bxf3 e6
9.O-O Qb6 10.Qxb6 axb6 11.Nc3 Ne7 12.d4 Ne4 13.Nb5 Kd7 14.Bf4 g5 15.Be3 h6
16.Rfc1 Nd6 17.Nxd6 Kxd6 18.Bd2 Nc6  1/2-1/2

[Event "Bled op"]
[Site "Bled"]
[Date "1991.??.??"]
[Round "?"]
[White "Panchenko, Alexander N"]
[Black "Ivacic, Vladimir"]
[Result "1-0"]
[WhiteElo "2445"]
[BlackElo "2295"]

1.c4 c6 2.d4 d5 3.Nf3 Nf6 4.Nc3 g6 5.e3 Bg7 6.Bd3 O-O 7.O-O Bg4 8.h3 Bxf3
9.Qxf3 e6 10.Rd1 Nbd7 11.b3 Qa5 12.Bd2 Qb6 13.Rab1 a5 14.a3 e5 15.cxd5 exd4
16.Na4 Qa7 17.dxc6 Ne5 18.Qe2 Nxc6 19.Bb5 Nd5 20.Bxc6 bxc6 21.e4 Rfe8 22.Qd3 Nf6
23.Re1 Bf8 24.Rbc1 Bxa3 25.Rxc6 Nd7 26.f4 Rec8 27.Rxc8+ Rxc8 28.e5 Nf8 29.f5 gxf5
30.Qxf5 Rc6 31.h4 Qb7 32.Qf3 Bb4 33.Bxb4 Qxb4 34.Rf1 Qe7  1-0

[Event "Borsodtavho"]
[Site "Borsodtavho"]
[Date "1991.??.??"]
[Round "7"]
[White "Manor, Ilan"]
[Black "Somlai, Laszlo"]
[Result "1/2-1/2"]
[WhiteElo "2445"]
[BlackElo "2385"]

1.c4 c6 2.e4 e5 3.Nc3 d6 4.d4 Be7 5.b3 exd4 6.Qxd4 Bf6 7.Qd2 d5 8.cxd5 cxd5
9.exd5 Ne7 10.Bb2 O-O 11.Rd1 Re8 12.Be2 a6 13.Nf3 b5 14.O-O Bb7 15.Rfe1 Nd7
16.Ne4 Bxb2 17.Qxb2 Qb6 18.Qd4 Bxd5 19.Bd3 Qxd4 20.Nxd4 Ng6 21.h3 b4 22.Nd6 Rxe1+
23.Rxe1 Nde5 24.Be4 Bxe4 25.Rxe4 a5 26.h4 h5 27.N4f5 f6 28.f3 Kf8 29.Rd4 Ne7
30.Ng3 g6 31.Nge4 f5 32.Ng5 N7c6 33.Rd2 Ke7 34.f4 Ng4 35.Nc4 Rd8 36.Re2+ Kd7
37.g3 Kc8 38.Kg2 Rd1 39.Nf7 Nd4 40.Re7 Ra1 41.Nb6+ Kb8 42.Nd7+ Kc8 43.Nb6+  1/2-1/2

[Event "BRA-ch m"]
[Site "?"]
[Date "1991.??.??"]
[Round "3"]
[White "Braga, Cicero"]
[Black "Watanabe, Roberto"]
[Result "1/2-1/2"]
[WhiteElo "2355"]
[BlackElo "2325"]

1.c4 c6 2.Nf3 d5 3.b3 Nf6 4.g3 Bf5 5.Bb2 e6 6.Bg2 h6 7.O-O Be7 8.d3 O-O 9.Nbd2 Nbd7
10.Qc2 Bh7 11.Bc3 Re8 12.Qb2 Bd6 13.Ne5 Nxe5 14.Bxe5 Bxe5 15.Qxe5 Qe7 16.Rfc1  1/2-1/2

[Event "CSR-ch"]
[Site "Bratislava"]
[Date "1991.??.??"]
[Round "2"]
[White "Dobrovolsky, Ladislav"]
[Black "Velicka, Petr"]
[Result "0-1"]
[WhiteElo "2395"]
[BlackElo "2335"]

1.c4 c6 2.e4 Qa5 3.Nc3 e5 4.Nf3 Bb4 5.Be2 Nf6 6.O-O O-O 7.Qc2 Re8 8.d3 d5
9.Bg5 Nbd7 10.cxd5 cxd5 11.Bd2 d4 12.a3 Bd6 13.Nd5 Qd8 14.Bg5 h6 15.Bxf6 Nxf6
16.Nd2 Nxd5 17.exd5 Re7 18.Bf3 b6 19.Rac1 Bb7 20.Qb3 Rc8 21.Nc4 Rc5 22.Qa2 f5
23.b4 Rc8 24.Rfe1 Kh7 25.Rc2 e4 26.dxe4 Bxd5 27.e5 Bxe5 28.Bxd5 Bxh2+ 29.Kf1 Rxe1+
30.Kxe1 Qxd5 31.g3 d3 32.Ne3 Qh1+ 33.Kd2 dxc2  0-1

[Event "CSR-ch"]
[Site "Bratislava"]
[Date "1991.??.??"]
[Round "5"]
[White "Znamenacek, Kvetoslav"]
[Black "Kupka, Slavoj"]
[Result "0-1"]
[WhiteElo "2340"]
[BlackElo "2385"]

1.c4 c6 2.Nf3 d5 3.b3 Nf6 4.g3 Bf5 5.Ba3 g6 6.Bg2 Bg7 7.Bb2 O-O 8.O-O Qc8
9.Re1 Bh3 10.Bh1 h6 11.d3 Nbd7 12.cxd5 cxd5 13.Nc3 Nb8 14.b4 Nc6 15.b5 Na5
16.Rc1 Qd8 17.Qa4 Rc8 18.Qb4 Re8 19.Ne5 g5 20.Na4 b6 21.Bd4 Rxc1 22.Rxc1 Qd6
23.Qb2 Rc8 24.Rxc8+ Bxc8 25.Qc3 Bb7 26.Bf3 Ne8 27.Bh5 f6 28.Nf7 Qd7 29.Nxb6 Qxb5
30.Qa3 Nc6 31.Nd7 Nc7 32.Bb2 Bc8 33.Nc5 d4 34.Nb3 Bh3 35.Qc5 Qa4 36.Qc4 Qxc4
37.dxc4 Be6 38.Nxd4 Nxd4 39.Bxd4 Bxf7 40.Bxf7+ Kxf7 41.Bxa7 Ke8 42.g4 Bf8
43.Kg2 e6 44.Bd4 e5 45.Be3 Na6 46.Kf3 Kd7 47.Ke4 Ke6 48.Bc1 Bb4 49.h4 Nc5+
50.Kf3 Na4 51.hxg5 hxg5 52.e3 Nb6 53.Ke4 Nxc4 54.f4 Ba3 55.Bxa3 Nxa3  0-1

[Event "CSR-ch"]
[Site "Bratislava"]
[Date "1991.??.??"]
[Round "7"]
[White "Plachetka, Jan"]
[Black "Kupka, Slavoj"]
[Result "0-1"]
[WhiteElo "2425"]
[BlackElo "2385"]

1.c4 c6 2.Nf3 d5 3.d4 Nf6 4.Nc3 g6 5.cxd5 cxd5 6.Bf4 Nc6 7.e3 Bg7 8.Bd3 Nh5
9.Bg5 h6 10.Bh4 g5 11.Bg3 Nxg3 12.hxg3 e6 13.Rc1 Bd7 14.a3 Rc8 15.b4 a6 16.O-O O-O
17.Qb3 g4 18.Nd2 e5 19.dxe5 d4 20.exd4 Nxd4 21.Qb1 Bxe5 22.Nc4 Bg7 23.Nd6 Rc7
24.Nce4 Bc6 25.Qa2 Kh8 26.Nc4 f5 27.Nc5 Qd5 28.f3 gxf3  0-1

[Event "Mitropa-Cup"]
[Site "Brno"]
[Date "1991.??.??"]
[Round "1"]
[White "Schlosser, Philipp"]
[Black "Jirovsky, Milos"]
[Result "1-0"]
[WhiteElo "2485"]
[BlackElo "2310"]

1.c4 c6 2.Nf3 d5 3.e3 Nf6 4.d4 e6 5.Bd3 Nbd7 6.O-O Bd6 7.Nc3 O-O 8.e4 dxe4
9.Nxe4 Nxe4 10.Bxe4 f5 11.Bc2 e5 12.Bg5 Be7 13.Bxe7 Qxe7 14.Nxe5 Nxe5 15.Re1 Qb4
16.Rxe5 Qxb2 17.Rb1 Qa3 18.c5 b6 19.Bb3+ Kh8 20.Qf3 bxc5 21.Qxc6 Rb8 22.dxc5 Bb7
23.Qd6 Rfd8 24.Qe7 Be4 25.Rf1 Qb2 26.Re6 Qc3 27.Qxa7 Qd4 28.h3 h6 29.Rd1 Qc3
30.Kh2 Kh7 31.Qf7 Rxd1 32.Qg6+  1-0

[Event "Brno Morava-B"]
[Site "Brno"]
[Date "1991.??.??"]
[Round "5"]
[White "Mikhalchishin, Adrian"]
[Black "Bagirov, Vladimir"]
[Result "1/2-1/2"]
[WhiteElo "2520"]
[BlackElo "2485"]

1.c4 c6 2.d4 d5 3.Nf3 Nf6 4.e3 g6 5.Nc3 Bg7 6.Be2 O-O 7.O-O Bg4 8.cxd5 cxd5
9.Qb3 b6 10.Bd2 Nc6 11.Rac1 Na5 12.Qd1 e6 13.b3 Nb7 14.Ne5 Bxe2 15.Qxe2  1/2-1/2

[Event "Mitropa-Cup"]
[Site "Brno"]
[Date "1991.??.??"]
[Round "7"]
[White "Hoelzl, Franz"]
[Black "Varga, Zoltan"]
[Result "1-0"]
[WhiteElo "2385"]
[BlackElo "2400"]

1.c4 c6 2.Nf3 d5 3.e3 Nf6 4.d4 e6 5.Bd3 dxc4 6.Bxc4 b5 7.Bd3 a6 8.a4 Bb7
9.O-O Be7 10.Qe2 Nbd7 11.e4 Qb6 12.Rd1 bxa4 13.Nc3 a3 14.bxa3 c5 15.Rb1 Qc7
16.e5 Nd5 17.Nxd5 Bxd5 18.Be4 Nb6 19.Bg5 Bxg5 20.Nxg5 h6 21.dxc5 Qxc5 22.Qh5 O-O
23.Bh7+ Kh8 24.Bd3 Kg8 25.Rb4 Nd7 26.Nh7 Rfd8 27.Rg4 Bb3 28.Qxh6 Qxe5 29.Rb1 Rab8
30.h3 Ba2 31.Rbb4 Rxb4 32.axb4 Rc8 33.Nf6+  1-0

[Event "Brocco op"]
[Site "Brocco"]
[Date "1991.??.??"]
[Round "5"]
[White "Gavrikov, Viktor"]
[Black "Barbero, Gerardo F"]
[Result "1/2-1/2"]
[WhiteElo "2580"]
[BlackElo "2495"]

1.c4 c6 2.d4 d5 3.Nf3 Nf6 4.Nc3 e6 5.Bg5 Nbd7 6.cxd5 exd5 7.e3 Be7 8.Qc2 O-O
9.Bd3 Re8 10.h3 Nf8 11.Bf4 Bd6 12.Bxd6 Qxd6 13.O-O-O Be6 14.Kb1 Rac8 15.g4 c5
16.dxc5 Qxc5 17.Nd4 a6  1/2-1/2

[Event "Schneider mem op"]
[Site "Budapest"]
[Date "1991.??.??"]
[Round "1"]
[White "Videki, Sandor"]
[Black "Csom, Etelka"]
[Result "1/2-1/2"]
[WhiteElo "2385"]
[BlackElo "2100"]

1.c4 c6 2.e4 d5 3.exd5 cxd5 4.cxd5 Qxd5 5.Nc3 Qd8 6.d4 e6 7.Nf3 Nf6 8.Bd3 Be7
9.O-O O-O 10.Re1 Nc6 11.Bg5 Nb4 12.Bb1 b6 13.a3 Nbd5 14.Qd3 g6 15.Ba2 Bb7
16.Ne5 Rc8 17.Qh3 Nxc3 18.bxc3 Nd5 19.Bh6 Rxc3 20.f3 Nf4 21.Qg4 Qxd4+ 22.Kh1 g5
23.Rad1 Qf2 24.Bxg5 Bxg5 25.Qxg5+ Ng6 26.Nxg6 hxg6 27.Rxe6 Qxa2 28.Rxg6+ fxg6
29.Qxg6+ Kh8  1/2-1/2

[Event "Schneider mem op"]
[Site "Budapest"]
[Date "1991.??.??"]
[Round "8"]
[White "Vaulin, Alexander"]
[Black "Kuporosov, Viktor"]
[Result "1/2-1/2"]
[WhiteElo "2510"]
[BlackElo "2485"]

1.c4 c6 2.e4 d5 3.exd5 cxd5 4.cxd5 Nf6 5.Bb5+ Nbd7 6.Nc3 a6 7.Be2 Nb6 8.Bf3 Nbxd5
9.Nge2 e6 10.Nxd5 Nxd5 11.Nc3 Nxc3 12.dxc3 Qxd1+ 13.Kxd1 Bc5 14.Ke2 Ke7 15.Rd1 a5
16.Be3 Bxe3 17.Kxe3 Ra6 18.Rd4 Rd8 19.Rxd8 Kxd8 20.Be2 Rb6 21.b3 Bd7 22.f4 Kc7
23.Rd1  1/2-1/2

[Event "Schneider mem op"]
[Site "Budapest"]
[Date "1991.??.??"]
[Round "9"]
[White "Vakhidov, Tahir"]
[Black "Utasi, Tamas"]
[Result "1-0"]
[WhiteElo "2400"]
[BlackElo "2345"]

1.c4 c6 2.e4 d5 3.exd5 cxd5 4.cxd5 Nf6 5.Bb5+ Bd7 6.Bc4 b5 7.Bb3 Na6 8.d4 Nc7
9.Nf3 Ncxd5 10.O-O e6 11.Ne5 Be7 12.Nc3 Nxc3 13.bxc3 O-O 14.Bg5 Rc8 15.Qd3 Bc6
16.Nxc6 Rxc6 17.a4 Qc7 18.Bd2 bxa4 19.Bxa4 Rb6 20.c4 Bb4 21.Bg5 Be7 22.Bd2 Rbb8
23.Bb5 Ra8 24.Ra6 e5 25.Ba5 Qb8 26.d5 Bc5 27.Rc6 Rc8 28.Qf5 Bd4 29.Rb1 e4
30.Rd1 Qe5  1-0

[Event "Buenos Aires Konex"]
[Site "Buenos Aires"]
[Date "1991.??.??"]
[Round "4"]
[White "Cifuentes Parada, Roberto"]
[Black "Kanefsck, Gustavo"]
[Result "1-0"]
[WhiteElo "2510"]
[BlackElo "2380"]

1.c4 c6 2.d4 d5 3.Nf3 Nf6 4.Nc3 dxc4 5.e3 Bg4 6.Bxc4 e6 7.h3 Bxf3 8.Qxf3 Be7
9.O-O O-O 10.Rd1 Nbd7 11.e4 b5 12.Bb3 b4 13.Na4 e5 14.dxe5 Nxe5 15.Qf5 Nfd7
16.Bf4 g6 17.Qxe5 Nxe5 18.Rxd8 Rfxd8 19.Bxe5 Rd2 20.Rc1 Re2 21.f3 Rd8 22.Bf4 g5  1-0